000 00785nam a2200229 a 4500
001 60239
003 BD-RjUL
005 20211209080822.0
008 161229s1967 bg ||||| |||| 00| 0 ben d
020 _c: Tk. 3.00
035 _a(BD-RjUL)60363
040 _aBD-RjUL
_bben
_cBD-RjUL
041 _aben
082 _223
_a330.9
_bLAA 1967
100 _aলতিফ, এম. এ.
_9179310
245 1 0 _aঅর্থনৈতিক বিকাশের সোপান /
_cএম. এ. লতিফ
260 _aঢাকা :
_bব্রাইট বুক হাউস,
_c১৯৬৭
300 _a[১২], ২৩৬ পৃ. ;
_c২৩ সেমি.
650 _aঅর্থনীতি
_xইতিহাস
_9179245
650 _aEconomics
_xHistory
_9172699
942 _2ddc
_cBK
999 _c60239
_d60239